| 000 | 00968nam a2200289 i 4500 | ||
|---|---|---|---|
| 001 | bg | ||
| 100 | 1 | _aSzydłowski, Michał. | |
| 245 | 1 | 0 |
_aModelowanie fal powodziowych na terenach zabudowanych / _cMichał Szydłowski ; Politechnika Gdańska. |
| 260 |
_aGdańsk : _bWydawnictwo Politechniki Gdańskiej, _c2007. |
||
| 300 |
_a149, [1] s. : _bil. (w tym kolor.) ; _c25 cm. |
||
| 490 | 1 |
_aMonografie / Politechnika Gdańska ; _v86 |
|
| 504 | _aBibliogr. s. 140-147. | ||
| 546 | _aStreszcz. ang. | ||
| 650 | 9 |
_aPowódź _xmodele matematyczne |
|
| 650 | 9 |
_aPrzepływ _xhydrologia _xmodele matematyczne |
|
| 650 | 9 |
_aSymulacja _xstosowanie _xhydrologia |
|
| 830 | 0 |
_aMonografie - Politechnika Gdańska _v86 |
|
| 015 | _aPB 4598/2008 | ||
| 020 | _a9788373482005 | ||
| 040 | _cBPK | ||
| 041 | 0 |
_apol _beng |
|
| 044 | _aPOL | ||
| 080 | _a556.18:556.166:519.87:004.94 | ||
| 920 | _a978-83-7348-200-5 | ||
| 942 | _cKS | ||
| 008 | 080208s2007 pl a |000 0 pol | ||
| 999 |
_c55556 _d55556 |
||
| 856 |
_uhttp://koha.tu.koszalin.pl/cgi-bin/koha/opac-detail.pl?biblionumber=55556 _yKatalog online BPK |
||